000 00833nam a2200253 a 4500
001 60248
003 BD-RjUL
005 20211209080822.0
008 161229s2011 bg a|||| ||||o000 0 eng d
020 _a9845089747
_c: Complimentary
035 _a(BD-RjUL)60372
040 _aBD-RjUL
_beng
_cBD-RjUL
041 _aeng
082 _223
_a630.95492021
_bMAU 2011 (ZS)
110 _aBangladesh Bureau of Statistics
_9179266
245 1 0 _aCensus of Agriculture, 2008:
_bZila Series, Maulvibazar /
_cBangladesh Bureau of Statistics.
260 _aDhaka:
_bBBS,
_c2011
300 _axvi, 332 p. :
_bill. ;
_c28 cm
490 _aZila Series, Maulvibazar.
500 _aChiefly Statistical Table.
650 _aAgriculture
_zBangladesh
_zMaulvibazar
_v Statistics
_9179323
830 _aZila Series, Maulvibazar.
_9180250
942 _2ddc
_cRAR
999 _c60248
_d60248